000 01302nam a2200253Ia 4500
999 _c36367
_d36367
001 2279
003 GE_BSU
005 20190430120306.0
008 181216s2009||||ge |||||||||||||| ||geo||
040 _cGE_BSU
041 _ageo
080 _a616–007.43–089 ჩ-23
100 _aჩართოლანი, თენგიზ.
_9531
245 _aღია და ლაპარასკოპიული პროთეზირებადი თიაქარპლასტიკა /
_cთენგიზ ჩართოლანი; [სამეც. რედაქტორები: პროფ. თენგიზ ახმეტელი, პროფ. ნოდარ ლომიძე. რედაქტორი გივი ხორბალაძე]
264 _aთბილისი :
_bფავორიტი,
_c2009
300 _a195გვ. :
_bსურ., ცხ.;
_c28სმ.
653 _aმედიცინა
653 _aპროთეზირება
653 _aთიაქარი
653 _aთიაქარპლასტიკა.
700 _aჩართოლანი, თენგიზ
_eავტორი
_9531
700 _aხორბალაძე, გივი
_e რედაქტორი
_9532
942 _cBK
_2udc